Normal view MARC view
  • Consejo Nacional de Fomento Educativo (México)

Entry Nombre Corporativo

Number of records used in: 3

001 - NÚMERO DE CONTROL

  • campo de control: 19279

003 - IDENTIFICADOR DE NUMERO DE CONTROL

  • campo de control: MX-MxUPN

005 - FECHA Y HORA DE LA ÜLTIMA TRANSACCIÓN

  • campo de control: 20240430114801.0

008 - DATOS DE LONGITUD FIJA

  • campo de control de longitud fija: 240430nn fnnnnbaba n ana |d

035 ## - NÚMERO DE CONTROL

  • Número de control: UPN10000019288

040 ## - FUENTE DE CATALOGACIÓN

  • Agencia original de catalogación: MX-MxUPN
  • Lenguaje de catalogación: spa

110 2# - ENCABEZAMIENTO - NOMBRE CORPORATIVO

  • Nombre corporativo o de jurisdicción como elemento de entrada : Consejo Nacional de Fomento Educativo (México)
  • Subdivisión de forma: Planes y programas

670 ## - FUENTE EN LA QUE SE LOCALIZARON DATOS

  • Cita de la fuente : T/P
  • Información localizada: Programa institucional de mediano plazo : CONAFE : 2002-2006

902 ## - CATALOGADOR

  • Catalogador: MMA/171011